000
00298nam a2200133Ia 4500
005
20251222155152.0
008
251222s9999||||xx |||||||||||||| ||spa||
082
_a
REL.79.9
100
_a
PAULO VI.
245
0
_a
Populorum Progressio
250
_a
1ra. ed.
264
_b
Salesiana
942
_c
LIB
999
_c
39612
_d
39612